<?xml version="1.0" encoding="UTF-8"?>
<record
    xmlns:xsi="http://www.w3.org/2001/XMLSchema-instance"
    xsi:schemaLocation="http://www.loc.gov/MARC21/slim http://www.loc.gov/standards/marcxml/schema/MARC21slim.xsd"
    xmlns="http://www.loc.gov/MARC21/slim">

  <leader>00668nam a2200157 a 4500</leader>
  <datafield tag="090" ind1=" " ind2=" ">
    <subfield code="a">LB</subfield>
    <subfield code="b">05475</subfield>
  </datafield>
  <datafield tag="041" ind1=" " ind2=" ">
    <subfield code="a">spa</subfield>
  </datafield>
  <datafield tag="100" ind1=" " ind2=" ">
    <subfield code="a">Andr&#xE9;s, Pilar</subfield>
    <subfield code="9">92641</subfield>
  </datafield>
  <datafield tag="111" ind1=" " ind2=" ">
    <subfield code="a">Curso Internacional de restauraci&#xF3;n ecol&#xF3;gica de &#xE1;reas degradadas por miner&#xED;a a cielo abierto</subfield>
    <subfield code="c">Bogot&#xE1;</subfield>
    <subfield code="d">2008</subfield>
    <subfield code="n">2</subfield>
    <subfield code="9">92642</subfield>
  </datafield>
  <datafield tag="245" ind1=" " ind2=" ">
    <subfield code="a">Restauraci&#xF3;n ecol&#xF3;gica</subfield>
    <subfield code="b">Objetivos y aspectos generales</subfield>
  </datafield>
  <datafield tag="249" ind1=" " ind2=" ">
    <subfield code="a">Restauraci&#xF3;n ecol&#xF3;gica de &#xE1;reas degradadas por miner&#xED;a a cielo abierto en Colombia</subfield>
  </datafield>
  <datafield tag="260" ind1=" " ind2=" ">
    <subfield code="a">Bogot&#xE1;</subfield>
    <subfield code="b">Pontificia Universidad Javeriana</subfield>
    <subfield code="c">2009</subfield>
  </datafield>
  <datafield tag="300" ind1=" " ind2=" ">
    <subfield code="a">21-33 p.</subfield>
  </datafield>
  <datafield tag="773" ind1=" " ind2=" ">
    <subfield code="t">Restauraci&#xF3;n ecol&#xF3;gica de &#xE1;reas degradadas por miner&#xED;a a cielo abierto en Colombia</subfield>
  </datafield>
  <datafield tag="942" ind1=" " ind2=" ">
    <subfield code="c">IMPRESO</subfield>
  </datafield>
  <datafield tag="999" ind1=" " ind2=" ">
    <subfield code="c">6855</subfield>
    <subfield code="d">6855</subfield>
  </datafield>
</record>
